| 000 | 00615 a2200277 4500 | ||
|---|---|---|---|
| 260 | _aParis | ||
| 260 | _bMasson | ||
| 245 | _aV1 Pédogenèse et classification V2 Constituants et propriétés du sol | ||
| 440 | _v2V | ||
| 700 | _aDUCHAUFOUR, Philippe | ||
| 700 | _aSOUCHIER, Bernard | ||
| 650 | _a<Sols> | ||
| 440 | _aPédologie | ||
| 260 | _c1977-1979 | ||
| 300 | _bill., fig., cart. ; 25 cm | ||
| 130 | _lFr. | ||
| 035 | _a6443 | ||
| 035 | _a6445 | ||
| 035 | _a6444 | ||
| 035 | _a6329 | ||
| 035 | _a6330 | ||
| 035 | _a6328 | ||
| 999 |
_c11530 _d11530 |
||